Functional analysis /

Guardado en:
Detalles Bibliográficos
Autor principal: Yosida, Kôsaku (autor)
Formato: Libro
Idioma:Inglés
Publicado: Berlín, Alemania : Springer, 1980, c1980
Edición:6a edición
Colección:(Classics in Mathematics)
Temas:
Etiquetas: Agrega una etiqueta
Sin etiquetas, Sé el primero en etiquetar este registro!

MARC

LEADER 00000nam^a2200000^a^4500
001 000096460
005 20250521000000.0
009 20260310092943.426
020 |a 3-540-58654-7 
037 |a Acervo ITESO - Biblioteca 
041 |a ING 
082 |a 515. 7  |b YOS 
100 |a Yosida, Kôsaku  |e (autor) 
245 1 0 |a Functional analysis /  |c K. Yosida. 
250 |a 6a edición 
264 4 |a Berlín, Alemania :  |b Springer,  |c 1980, c1980 
300 |a 500 p. 
336 |a texto  |b txt  |2 rdacontenido 
337 |a sin mediación  |b n  |2 rdamedio 
338 |a volumen  |b nc  |2 rdasoporte 
440 1 |a (Classics in Mathematics) 
649 |a XX 
650 |a Análisis Funcional 
650 |a Análisis Matemático 
650 |a Matemáticas 
910 |a Fondo General 
920 |a Impresos - Libros 
930 |a Colección General 
905 |a 101 
901 |a 0500031909  |b IT1  |c ACC  |u 20250521 
902 |a https://opac.biblio.iteso.mx/vufind/Record/000096460